000 00703nam a2200253Ia 4500
003 OSt
005 20220926001033.0
006 a|||||r|||| 00| 0
007 ta
008 220923b |||||||| |||| 00| 0 eng d
037 _cGeneral Book
040 _aRTL
_cRTL
_beng
041 _2eng
_aeng
082 _aX:89K33, M0
100 _aPalvia C M
_9303367
245 0 _aHousing and urban economics
_b Quantitative analytie
260 _a New Delhi
_bLalita Prakashan
_c1980
300 _a298p
_ccm.
500 _aBibliography: P 283-98
650 _a Economics
650 _aRegional Planning
942 _hX:89K33, M0
_cGB
_2CC
999 _c600273
_d600273